| 000 | 00788cam a2200253 4500 | ||
|---|---|---|---|
| 999 |
_c5679 _d5679 |
||
| 001 | 1862 | ||
| 003 | BD-DhUAP | ||
| 005 | 20201223095645.0 | ||
| 008 | 201220s1973 ohua b 001 0 eng | ||
| 010 | _a 77184780 | ||
| 020 | _a0538197706 | ||
| 040 |
_aDLC _cDLC _dBD-DhUAP _beng |
||
| 082 | 0 | 0 |
_a382 ROOT _223 |
| 100 | 1 | _aRoot, Franklin R. | |
| 245 | 1 | 0 |
_aInternational trade & investment : _btheory, policy, enterprise / _cFranklin R. Root. |
| 250 | _a3rd ed. | ||
| 260 |
_aCincinnati : _bSouth-Western Pub. Co. _cc1973. |
||
| 300 |
_aviii, 663 pages : _billustrations ; _c24 cm. |
||
| 504 | _aIncludes bibliographical references and index. | ||
| 650 | 0 | _aInternational trade. | |
| 650 | 0 | _aCommercial policy. | |
| 650 | 0 | _aInternational business enterprises. | |
| 942 |
_2ddc _cBK |
||